000 01039nam a2200253Ia 4500
003 OSt
005 20221005105721.0
006 a|||||r|||| 00| 0
007 ta
008 221004b |||||||| |||| 00| 0 hin d
020 _a9789385144950 (hbk)
_cINR 1200.00
024 _a68170
037 _b255, 18/12/2019, Eastern Book Linkers
_cTextual
040 _aCRL
_cCRL
_bhin
041 _2hin
_ahin
082 _aY:1.273, 152Q9
100 _aपासवान, चन्द्रशेखर, ले.
245 0 _aमिथिला की सांस्कृतिक विरासत एवं बौद्ध - धर्म
246 _aMithilā kī sāanskṛutik virāsat evan bauddha - dharma
260 _aनई दिल्ली
_bशिवालिक प्रकाशन भारत
_c2019
300 _a438पृ0
_ccm.
942 _hY:1.273, 152Q9
_cTEXL
_2cc
999 _c1016682
_d1016682